Latin American and Latinx philosophy : a collaborative introduction /

Latin American and Latinx Philosophy: A Collaborative Introduction is a beginner's guide to canonical texts in Latin American and Latinx philosophy, providing the non-specialist with necessary historical and philosophical context, and demonstrating their contemporary relevance. It is written in...

Full description

Bibliographic Details
Other Authors: Sanchez, Robert Eli, Jr (Editor)
Format: Book
Language:English
Published: New York : Routledge, 2020.
Subjects:

MARC

Tag First Indicator Second Indicator Subfields
LEADER 00000cam a2200000 i 4500
001 in00004092213
005 20200117105649.0
008 190415t20202020nyu b 001 0 eng
010 |a  2019017918 
020 |a 9781138295858  |q hardcover 
020 |a 113829585X  |q hardcover 
020 |a 9781138295865  |q paperback 
020 |a 1138295868  |q paperback 
020 |z 9781315100401  |q electronic book 
020 |z 9781351585996 (ePub ebook) 
020 |z 9781351586009 (PDF ebook) 
020 |z 9781351585989 (Mobipocket ebook) 
035 |a (OCoLC)on1104214542 
040 |a DLC  |e rda  |c DLC  |d UtOrBLW 
049 |a TXAM 
050 0 0 |a B1003  |b .L38 2020 
082 0 0 |a 199/.8  |2 23 
245 0 0 |a Latin American and Latinx philosophy :  |b a collaborative introduction /  |c edited by Robert Eli Sanchez, Jr. 
264 1 |a New York :  |b Routledge,  |c 2020. 
264 4 |c ©2020 
300 |a xi, 277 pages ;  |c 24 cm. 
336 |a text  |b txt  |2 rdacontent 
337 |a unmediated  |b n  |2 rdamedia 
338 |a volume  |b nc  |2 rdacarrier 
504 |a Includes bibliographical references and index. 
520 |a Latin American and Latinx Philosophy: A Collaborative Introduction is a beginner's guide to canonical texts in Latin American and Latinx philosophy, providing the non-specialist with necessary historical and philosophical context, and demonstrating their contemporary relevance. It is written in jargon-free prose for students and professors who are interested in the subject, but who don't know where to begin. Each of the twelve chapters, written by a leading scholar in the field, examines influential texts that are readily available in English and introduces the reader to a period, topic, movement, or school that taken together provide a broad overview of the history, nature, scope and value of Latin American and Latinx philosophy. Although this volume is primarily intended for the reader without a background in the Latin American and Latinx tradition, specialists will also benefit from its many novelties, including an introduction to Aztec ethics, a critique of the Latino threat narrative, the legacy of Latin American philosophy in the Chicano movement, an overview of Mexican existentialism, Liberation philosophy and Latin American and Latinx feminisms, a philosophical critique of indigenism, a study of Latinx contributions to the philosophy of immigration and an examination of the intersection of race and gender in Latinx identity. 
650 0 |a Philosophy, Latin American.  |0 http://id.loc.gov/authorities/subjects/sh85100951 
700 1 |a Sanchez, Robert Eli,  |c Jr.,  |e editor.  |0 http://id.loc.gov/authorities/names/no2017137418 
945 |b 237569 
947 |a A14850847659 
948 |a cataloged  |b h  |c 2019/11/15  |d c  |e dmitchel  |f 8:10:20 am 
994 |a 92  |b TXA 
999 f f |s db8ea65a-6283-3f21-9060-71d066cd01bf  |i 8c9118a6-2aec-3c0a-80d8-6190184bb5fc  |t 0 
952 f f |p 4_hour  |a Texas A&M University  |b College Station  |c Sterling C. Evans Library  |d Evans: Media and Reserves (Evans 1st floor)  |t 0  |e B1003 .L38 2020  |h Library of Congress classification  |i unmediated -- volume  |m A14850847659 
998 f f |a B1003 .L38 2020  |t 0  |l Evans: Library Stacks